00459nam a2200193Ia 4500003000900000008004100009040001300050040001300063041000800076100002300084100000800107245008100115250000900196260002100205260000900226300000800235490001600243490000600259IT-RoPAU120407s9999 xx 000 0 und d aIT-RoPAU cIT-RoPAU aita aFranz Xaver Arnold cdr. a"Il ministero della fede. Le usanze più urgenti della pastorale d’oggi." aAlba aEdizioni Paoline c1954 c cm aMagisterium v1